| 000 | 00000nas 2200000za 4500 |
| 001 | 9.837360 |
| 003 | CaOODSP |
| 005 | 20221107151123 |
| 007 | cr ||||||||||| |
| 008 | 170529d19881993onchr p obc f0###a0eng|d |
| 040 | |aCaOODSP|beng |
| 041 | |aeng|afre |
| 043 | |an-cn--- |
| 086 | 1 |aR12-65-PDF |
| 245 | 00|aList of Canadian native and northern periodicals held by the INAC Library |h[electronic resource] = |bListe des périodiques canadiens sur les autochtones et sur le Nord conservés à la bibliothèque du AINC. |
| 246 | 11|aListe des périodiques canadiens sur les autochtones conservés à la bibliothèque des AINC |
| 260 | |a[Ottawa : |bDepartmental Library, Indian and Northern Affairs Canada, |c198-?-1993?] |
| 310 | |aTriennial |
| 362 | 1 |aCeased with 1993 issue? |
| 500 | |aTitle from cover. |
| 500 | |aDigitized edition from print [produced by Indigenous and Northern Affairs Canada]. |
| 546 | |aText in English and French. |
| 692 | 07|2gccst|aPeriodicals |
| 692 | 07|2gccst|aAboriginal culture |
| 692 | 07|2gccst|aNorthern Canada |
| 710 | 1 |aCanada. |bIndian and Northern Affairs Canada. |
| 792 | |tList of Canadian native and northern periodicals held by the INAC Library |efre|w(CaOODSP)9.837362 |